[Event "Warsaw Superbet Blitz"]
[Site "Warsaw"]
[Date "2024.05.11"]
[Round "4"]
[White "Keymer, Vincent"]
[Black "Duda, Jan Krzysztof"]
[Result "0-1"]
[WhiteElo "2726"]
[BlackElo "2734"]
[PlyCount "80"]
[EventDate "2024.05.11"]
[EventType "tourn (blitz)"]
[EventRounds "18"]
[EventCountry "POL"]
[EventCategory "20"]
[SourceTitle "CB20_2024"]
[SourceDate "2024.05.16"]
[SourceVersion "1"]
[SourceVersionDate "2024.05.16"]
[SourceQuality "1"]

1. Nf3 Nf6 2. c4 e6 3. Nc3 d5 4. e3 a6 5. cxd5 exd5 6. g3 b6 7. Bg2 Bb7 8. 0-0 Nbd7 9. b3 Bd6 10. Bb2 0-0 11. Rc1 Re8 12. Re1 Nc5 13. d3 Bf8 14. Ne2 Ne6 15. Ne5 c5 16. d4 Rc8 17. Nf4 Nxf4 18. exf4 Rc7 19. Rc2 Ne4 20. dxc5 bxc5 21. Rce2 Qa8 22. Ng4 h5 23. Ne5 a5 24. Re3 Nf6 25. R3e2 a4 26. Qc2 axb3 27. axb3 d4 28. Bxb7 Qxb7 29. Nd7 Rxd7 30. Rxe8 Nxe8 31. Rxe8 Re7 32. Rxe7 Bxe7 33. Qd3 h4 34. Bc1 Qa8 35. Bd2 h3 36. f3 Qa1+ 37. Qf1 Qb2 38. Qd3 c4 39. Qxc4 Qxd2 40. Qc8+ Bf8 0-1

[Event "Warsaw Superbet Rapid"]
[Site "Warsaw"]
[Date "2024.05.08"]
[Round "2"]
[White "Duda, Jan Krzysztof"]
[Black "Keymer, Vincent"]
[Result "0-1"]
[WhiteElo "2734"]
[BlackElo "2726"]
[PlyCount "92"]
[EventDate "2024.05.08"]
[EventType "tourn (rapid)"]
[EventRounds "9"]
[EventCountry "POL"]
[EventCategory "20"]
[SourceTitle "CB20_2024"]
[SourceDate "2024.05.16"]
[SourceVersion "1"]
[SourceVersionDate "2024.05.16"]
[SourceQuality "1"]

1. e4 e5 2. Nf3 Nc6 3. Bb5 a6 4. Ba4 Nf6 5. 0-0 Be7 6. d3 b5 7. Bb3 d6 8. Bd2 a5 9. a4 b4 10. h3 0-0 11. Bg5 h6 12. Bh4 Be6 13. Bxf6 Bxf6 14. Bxe6 fxe6 15. Nbd2 Ne7 16. c3 c5 17. g3 Nc6 18. h4 g6 19. Kg2 Ra7 20. Nh2 Bg7 21. Qg4 Qe8 22. Nc4 Rd7 23. Rae1 h5 24. Qe2 Qd8 25. Nf3 Bh6 26. Ng1 Re7 27. Qc2 d5 28. Nd2 Ref7 29. Ndf3 Qd6 30. Re2 bxc3 31. bxc3 d4 32. Rb1 c4 33. Rb6 dxc3 34. dxc4 Bd2 35. Rxc6 Qxc6 36. Nxd2 cxd2 37. Qxd2 Qxa4 38. Qg5 Rf6 39. f4 Qxc4 40. Qxe5 a4 41. Re3 R6f7 42. Rc3 Qa2+ 43. Kh3 Qa1 44. Nf3 a3 45. Qxe6 Qxc3 46. Ne5 Qe1 0-1

[Event "Warsaw Superbet Rapid"]
[Site "Warsaw"]
[Date "2024.05.08"]
[Round "1"]
[White "Keymer, Vincent"]
[Black "Wei, Yi"]
[Result "1/2-1/2"]
[WhiteElo "2726"]
[BlackElo "2755"]
[PlyCount "260"]
[EventDate "2024.05.08"]
[EventType "tourn (rapid)"]
[EventRounds "9"]
[EventCountry "POL"]
[EventCategory "20"]
[SourceTitle "CB20_2024"]
[SourceDate "2024.05.16"]
[SourceVersion "1"]
[SourceVersionDate "2024.05.16"]
[SourceQuality "1"]

1. d4 Nf6 2. c4 e6 3. Nc3 Bb4 4. e3 0-0 5. Bd2 d5 6. Nf3 Nbd7 7. Rc1 c6 8. Bd3 Qe7 9. Qc2 dxc4 10. Bxc4 e5 11. a3 Bd6 12. Ba2 Bb8 13. 0-0 h6 14. Nh4 Rd8 15. Ng6 Qd6 16. Nb5 cxb5 17. Qxc8 Qb6 18. Ne7+ Kf8 19. Nf5 g6 20. Bb4+ Kg8 21. Ne7+ Kg7 22. Qc2 exd4 23. Bxf7 d3 24. Qb3 Ne5 25. Bxg6 d2 26. Bxd2 Rxd2 27. Bb1 Nc4 28. Nf5+ Kh8 29. Rfd1 Rxd1+ 30. Rxd1 Be5 31. Nxh6 Rf8 32. Nf5 Nxb2 33. Rc1 Nc4 34. a4 Rg8 35. axb5 Nd2 36. Qb4 Nxb1 37. Ne7 Rg4 38. Qxb1 Bxh2+ 39. Kf1 Qe6 40. Rc8+ Kg7 41. Nf5+ Kh7 42. Nd4+ Qe4 43. Qxe4+ Nxe4 44. g3 Nxg3+ 45. fxg3 Bxg3 46. Ra8 a6 47. bxa6 bxa6 48. Ra7+ Kg6 49. Rxa6+ Kf7 50. Ke2 Be5 51. Nf5 Rg6 52. Ra7+ Ke6 53. e4 Rg1 54. Ra6+ Kd7 55. Ra5 Ke6 56. Ne3 Bd4 57. Nc4 Ra1 58. Rd5 Bf6 59. Rd6+ Ke7 60. Rb6 Bd4 61. Rh6 Rc1 62. Nd6 Bf6 63. Nf5+ Ke6 64. Ne3 Kf7 65. Ng4 Bg7 66. Ra6 Rc2+ 67. Kf3 Rc1 68. Kf4 Rf1+ 69. Kg5 Ra1 70. Rc6 Ra5+ 71. Kf4 Ra7 72. e5 Ra1 73. Kg5 Bxe5 74. Nxe5+ Ke7 75. Nf3 Kd7 76. Rh6 Rf1 77. Kf4 Ke7 78. Ke4 Kd7 79. Nd4 Ra1 80. Rg6 Rh1 81. Ke5 Rh5+ 82. Nf5 Kc7 83. Rg1 Kd7 84. Ra1 Kc6 85. Rc1+ Kd7 86. Rd1+ Kc6 87. Ke6 Kc5 88. Rc1+ Kb4 89. Ke5 Kb5 90. Rc8 Rg5 91. Ke4 Kb4 92. Ne3 Rh5 93. Nd5+ Kb5 94. Nc3+ Kb4 95. Kd4 Rh4+ 96. Ne4 Kb5 97. Rc1 Kb6 98. Rc2 Kb5 99. Rc5+ Kb6 100. Re5 Kc6 101. Re6+ Kb5 102. Rf6 Ka5 103. Kd5 Rh5+ 104. Kc4 Rh4 105. Re6 Rf4 106. Kd4 Rh4 107. Rg6 Kb5 108. Rf6 Ka5 109. Re6 Kb5 110. Rg6 Ka5 111. Kd5 Rh5+ 112. Kc4 Rh4 113. Re6 Rf4 114. Kc5 Rf5+ 115. Kd4 Rf4 116. Rh6 Kb5 117. Ke5 Rf1 118. Rd6 Re1 119. Rd2 Kc6 120. Rc2+ Kd7 121. Rc4 Re3 122. Rc1 Re2 123. Kd5 Rh2 124. Nc5+ Ke7 125. Re1+ Kf7 126. Rf1+ Ke7 127. Rf5 Rh1 128. Ne4 Rd1+ 129. Ke5 Ra1 130. Nc3 Re1+ 1/2-1/2

[Event "Sigeman & Co 29th"]
[Site "Malmo"]
[Date "2024.04.27"]
[Round "1"]
[White "Maurizzi, Marc Andria"]
[Black "Keymer, Vincent"]
[Result "0-1"]
[WhiteElo "2605"]
[BlackElo "2726"]
[PlyCount "58"]
[EventDate "2024.04.27"]
[EventType "tourn"]
[EventRounds "7"]
[EventCountry "SWE"]
[EventCategory "18"]
[SourceTitle "CB19_2024"]
[SourceDate "2024.05.08"]
[SourceVersion "1"]
[SourceVersionDate "2024.05.08"]
[SourceQuality "1"]

1. d4 Nf6 2. c4 e6 3. Nf3 d5 4. Nc3 c6 5. Bg5 h6 6. Bxf6 Qxf6 7. a3 dxc4 8. e3 b5 9. Ne5 Bd6 10. Ne4 Qe7 11. Qh5 Bc7 12. f4 Bb7 13. Nc5 Bd6 14. Ne4 0-0 15. g4 c5 16. Bg2 cxd4 17. g5 Bxe5 18. gxh6 Nd7 19. fxe5 g6 20. Qh3 Nxe5 21. 0-0 Bxe4 22. Bxe4 Qg5+ 23. Kh1 Rad8 24. Rg1 Qxe3 25. Qh4 Kh7 26. Raf1 Qxh6 27. Qe7 Qg7 28. Rg5 f5 29. Qxe6 Rde8 0-1

[Event "Karlsruhe Grenke Playoffs 3-4"]
[Site "Karlsruhe"]
[Date "2024.04.01"]
[Round "4"]
[White "Keymer, Vincent"]
[Black "Vachier Lagrave, Maxime"]
[Result "0-1"]
[WhiteElo "2726"]
[BlackElo "2732"]
[PlyCount "60"]
[EventDate "2024.04.01"]
[EventType "match (rapid)"]
[EventRounds "4"]
[EventCountry "GER"]
[SourceTitle "CB14_2024"]
[SourceDate "2024.04.01"]
[SourceVersion "1"]
[SourceVersionDate "2024.04.01"]
[SourceQuality "1"]

1. d4 Nf6 2. Nf3 g6 3. Nbd2 d5 4. e3 a5 5. b3 Bg7 6. Be2 0-0 7. 0-0 c5 8. a4 Nc6 9. Bb2 Ne4 10. h3 Re8 11. Bb5 Nd6 12. c3 cxd4 13. exd4 Bd7 14. Re1 Rc8 15. Rc1 Qb6 16. Bxc6 Qxc6 17. Ne5 Qc7 18. Ba3 Bf5 19. g4 Be6 20. Qf3 Bh6 21. Rc2 Ne4 22. Nxe4 dxe4 23. Rxe4 Bxb3 24. g5 Bxg5 25. c4 Bxc2 26. Qxf7+ Kh8 27. Rg4 Rf8 28. Qd5 Bf6 29. Bc1 Bxe5 30. dxe5 Rcd8 0-1

[Event "Karlsruhe Grenke"]
[Site "Karlsruhe"]
[Date "2024.03.30"]
[Round "8"]
[White "Keymer, Vincent"]
[Black "Rapport, Richard"]
[Result "0-1"]
[WhiteElo "2738"]
[BlackElo "2720"]
[PlyCount "72"]
[EventDate "2024.03.26"]
[EventType "tourn"]
[EventRounds "10"]
[EventCountry "GER"]
[EventCategory "20"]
[SourceTitle "CB14_2024"]
[SourceDate "2024.04.01"]
[SourceVersion "1"]
[SourceVersionDate "2024.04.01"]
[SourceQuality "1"]

1. d4 Nf6 2. c4 e6 3. Nc3 c5 4. d5 exd5 5. cxd5 d6 6. e4 g6 7. f4 Bg7 8. Bb5+ Nfd7 9. a4 Na6 10. Nf3 Nb4 11. 0-0 a6 12. Bxd7+ Bxd7 13. f5 0-0 14. Bg5 f6 15. Bf4 gxf5 16. Qd2 Re8 17. Rae1 c4 18. exf5 Rxe1 19. Nxe1 Bxf5 20. Bxd6 Qxd6 21. Rxf5 Re8 22. g3 Qd7 23. Rf1 f5 24. d6 b5 25. axb5 axb5 26. Ne2 Re6 27. Rxf5 Rxe2 28. Qxe2 Qxf5 29. Qe8+ Bf8 30. d7 Nc6 31. d8Q Nxd8 32. Qxd8 b4 33. Qd1 Bc5+ 34. Kg2 Qf2+ 35. Kh3 Qf1+ 36. Kg4 h5+ 0-1

[Event "Karlsruhe Grenke"]
[Site "Karlsruhe"]
[Date "2024.03.26"]
[Round "1"]
[White "Keymer, Vincent"]
[Black "Fridman, Daniel"]
[Result "1/2-1/2"]
[WhiteElo "2738"]
[BlackElo "2590"]
[PlyCount "70"]
[EventDate "2024.03.26"]
[EventType "tourn"]
[EventRounds "10"]
[EventCountry "GER"]
[EventCategory "20"]
[SourceTitle "CB14_2024"]
[SourceDate "2024.04.01"]
[SourceVersion "1"]
[SourceVersionDate "2024.04.01"]
[SourceQuality "1"]

1. d4 d5 2. Nf3 Nf6 3. e3 e6 4. Nbd2 c5 5. b3 Nc6 6. Bb2 cxd4 7. exd4 g6 8. a3 Bg7 9. Bd3 0-0 10. Qe2 Qb6 11. 0-0 Nd7 12. Qe3 e5 13. dxe5 Qxe3 14. fxe3 Ndxe5 15. Rab1 Nxd3 16. cxd3 Bf5 17. e4 dxe4 18. dxe4 Be6 19. Bxg7 Kxg7 20. Rfc1 Rfd8 21. Rc3 Rd7 22. Rb2 Rad8 23. Kf2 Nd4 24. Nxd4 Rxd4 25. Ke3 f5 26. Rc7+ R8d7 27. Rxd7+ Rxd7 28. g3 fxe4 29. Nxe4 Bf5 30. Rd2 Re7 31. Rd4 Bd7 32. Kf2 Rf7+ 33. Ke3 Re7 34. Kf2 Rf7+ 35. Ke3 Re7 1/2-1/2

[Event "Chessable Masters Div 2 Win"]
[Site "Chess.com INT"]
[Date "2024.02.05"]
[Round "4.2"]
[White "Aronian, Levon"]
[Black "Keymer, Vincent"]
[Result "0-1"]
[WhiteElo "2725"]
[BlackElo "2738"]
[PlyCount "114"]
[EventDate "2024.02.02"]
[EventType "k.o. (rapid)"]
[EventRounds "6"]
[EventCountry "USA"]
[SourceTitle "CB06_2024"]
[SourceDate "2024.02.07"]
[SourceVersion "1"]
[SourceVersionDate "2024.02.07"]
[SourceQuality "1"]

1. e4 e5 2. Nf3 Nc6 3. Bc4 Nf6 4. d3 Bc5 5. 0-0 a6 6. c3 Ba7 7. Re1 0-0 8. Nbd2 d6 9. Nf1 Ng4 10. Re2 Na5 11. Bg5 Qe8 12. h3 Nxf2 13. Rxf2 Bxf2+ 14. Kxf2 Nxc4 15. dxc4 f5 16. exf5 Bxf5 17. Kg1 Qg6 18. Ng3 Be6 19. h4 Bxc4 20. h5 Qd3 21. b3 Qxd1+ 22. Rxd1 Be6 23. h6 Bg4 24. Rd3 gxh6 25. Bxh6 Rf6 26. Nh2 Bd7 27. Bd2 Raf8 28. Rf3 Rg6 29. Rxf8+ Kxf8 30. Ngf1 Bc6 31. Ne3 Ke7 32. Kf2 Ke6 33. g4 Be4 34. a3 d5 35. Nef1 c5 36. g5 d4 37. Ng3 Bc2 38. b4 e4 39. Bf4 cxb4 40. axb4 dxc3 41. Ne2 Kd5 42. Ng4 Bd3 43. Ne3+ Kc6 44. Nxc3 b6 45. Nf5 Kd7 46. Ke3 a5 47. bxa5 bxa5 48. Nd4 Ra6 49. Na4 Ke8 50. Be5 Kf7 51. Nc5 Ra8 52. Nb5 Bxb5 53. Nxe4 Bc6 54. Nc5 a4 55. Kf4 a3 56. Kf5 a2 57. Ba1 Ra5 0-1

[Event "Chessable Masters Div 2 Win"]
[Site "Chess.com INT"]
[Date "2024.02.05"]
[Round "4.1"]
[White "Keymer, Vincent"]
[Black "Aronian, Levon"]
[Result "1/2-1/2"]
[WhiteElo "2738"]
[BlackElo "2725"]
[PlyCount "129"]
[EventDate "2024.02.02"]
[EventType "k.o. (rapid)"]
[EventRounds "6"]
[EventCountry "USA"]
[SourceTitle "CB06_2024"]
[SourceDate "2024.02.07"]
[SourceVersion "1"]
[SourceVersionDate "2024.02.07"]
[SourceQuality "1"]

1. d4 Nf6 2. c4 g6 3. g3 Bg7 4. Bg2 0-0 5. Nc3 Nc6 6. e3 d6 7. Nge2 e5 8. 0-0 exd4 9. exd4 Bd7 10. h3 a6 11. Bg5 h6 12. Be3 Rb8 13. Qd2 Kh7 14. Rac1 Ne7 15. g4 b5 16. b3 b4 17. Nd1 d5 18. Ng3 Bc6 19. f3 Nd7 20. Nf2 Re8 21. Nd3 a5 22. Bf2 Nf8 23. Ne5 dxc4 24. Nxc6 c3 25. Nxd8 cxd2 26. Rc4 Rbxd8 27. Rd1 Ne6 28. Rxd2 c5 29. Ne2 Rd7 30. f4 Red8 31. d5 Nxd5 32. f5 gxf5 33. gxf5 Nd4 34. Rxc5 Nxe2+ 35. Rxe2 Nf4 36. Re4 Rd1+ 37. Kh2 Nd3 38. Rc2 Nxf2 39. Rxf2 Bd4 40. Rfe2 Bc5 41. h4 Rg8 42. Re1 Bd6+ 43. Kh1 Rd2 44. R1e2 Rd1+ 45. Re1 Rxe1+ 46. Rxe1 Kg7 47. Rd1 Bg3 48. Rd4 Kf6 49. Bf3 Rc8 50. Kg2 Be5 51. Rc4 Rxc4 52. bxc4 a4 53. Be4 Bd4 54. Bc2 a3 55. Kf3 Ke5 56. h5 Bc5 57. Ke2 Kd4 58. Bb3 Be7 59. c5 Bxc5 60. Bxf7 Ke5 61. Be6 b3 62. Bxb3 Kxf5 63. Kd3 Be7 64. Bd1 Bf8 65. Kc4 1/2-1/2

[Event "Chessable Masters Play In"]
[Site "Chess.com INT"]
[Date "2024.01.31"]
[Round "7"]
[White "Keymer, Vincent"]
[Black "Piorun, Kacper"]
[Result "1-0"]
[WhiteElo "2743"]
[BlackElo "2597"]
[PlyCount "101"]
[EventDate "2024.01.31"]
[EventType "swiss (rapid)"]
[EventRounds "9"]
[EventCountry "USA"]
[SourceTitle "CB06_2024"]
[SourceDate "2024.02.07"]
[SourceVersion "1"]
[SourceVersionDate "2024.02.07"]
[SourceQuality "1"]

1. Nf3 Nf6 2. c4 g6 3. Nc3 Bg7 4. g3 0-0 5. Bg2 d6 6. d4 Bf5 7. Qb3 Nc6 8. Qxb7 Na5 9. Qb5 c5 10. Qa4 Bd7 11. Qd1 Nxc4 12. dxc5 dxc5 13. 0-0 Rb8 14. Qc2 Qa5 15. Nd2 Nd6 16. Re1 Be6 17. e4 Ng4 18. Nf3 Bd4 19. Nd1 Ne5 20. Bd2 Nxf3+ 21. Bxf3 Qa6 22. Bc3 Rfc8 23. Ne3 Nb5 24. Be2 Qc6 25. Bxb5 Rxb5 26. Nd5 Qb7 27. Rad1 Bxc3 28. bxc3 Rb2 29. Rb1 Rb8 30. Rxb2 Qxb2 31. Qa4 Qd2 32. Rd1 Qe2 33. Nf4 Qc4 34. Qxa7 Re8 35. Nxe6 Qxe6 36. Qxc5 Qxe4 37. a3 h5 38. h4 Ra8 39. Qb4 Qe2 40. Rd4 Rc8 41. Re4 Qd1+ 42. Kg2 e6 43. Rd4 Qc2 44. c4 e5 45. Rd5 Qe4+ 46. Kh2 Rxc4 47. Rd8+ Kg7 48. Qf8+ Kf6 49. Rd6+ Kf5 50. Qxf7+ Kg4 51. Rxg6+ 1-0

[Event "Titled Tuesday intern op 09th Jan Early"]
[Site "Chess.com INT"]
[Date "2024.01.09"]
[Round "5"]
[White "Keymer, Vincent"]
[Black "Shuvalova, Polina"]
[Result "1-0"]
[WhiteElo "2743"]
[BlackElo "2475"]
[PlyCount "81"]
[EventDate "2024.01.09"]
[EventType "swiss (blitz)"]
[EventRounds "11"]
[EventCountry "USA"]
[SourceTitle "CB03_2024"]
[SourceDate "2024.01.17"]
[SourceVersion "1"]
[SourceVersionDate "2024.01.17"]
[SourceQuality "1"]

1. Nf3 d5 2. e3 Nf6 3. c4 e6 4. Nc3 c5 5. cxd5 exd5 6. Bb5+ Nc6 7. Ne5 Bd7 8. Bxc6 bxc6 9. 0-0 Bd6 10. Nxd7 Nxd7 11. b3 0-0 12. Ba3 Qc7 13. h3 a5 14. Na4 c4 15. Bxd6 Qxd6 16. bxc4 dxc4 17. Rc1 Ne5 18. f4 Nd3 19. Rxc4 Rad8 20. Qb1 c5 21. Rc3 h5 22. Rd1 h4 23. Nb2 Nxb2 24. Qxb2 Rfe8 25. Qc2 Rc8 26. Rc4 Qd5 27. a4 Re6 28. f5 Rec6 29. Rxh4 c4 30. Rd4 Qe5 31. Qe4 Qf6 32. Rc1 Rc5 33. Rcxc4 Rxc4 34. Rxc4 Rb8 35. Qf4 Rd8 36. d4 Qa6 37. Rc5 Qe2 38. f6 gxf6 39. Kh2 Kg7 40. Rc6 f5 41. Qg5+ 1-0

[Event "Titled Tuesday intern op 09th Jan Early"]
[Site "Chess.com INT"]
[Date "2024.01.09"]
[Round "8"]
[White "Kuzubov, Yuriy"]
[Black "Keymer, Vincent"]
[Result "0-1"]
[WhiteElo "2605"]
[BlackElo "2743"]
[PlyCount "130"]
[EventDate "2024.01.09"]
[EventType "swiss (blitz)"]
[EventRounds "11"]
[EventCountry "USA"]
[SourceTitle "CB03_2024"]
[SourceDate "2024.01.17"]
[SourceVersion "1"]
[SourceVersionDate "2024.01.17"]
[SourceQuality "1"]

1. d4 Nf6 2. Nf3 e6 3. c4 b6 4. g3 Ba6 5. Qc2 Bb7 6. Bg2 Bb4+ 7. Bd2 a5 8. Nc3 0-0 9. Bg5 Be4 10. Qd2 Bxc3 11. bxc3 h6 12. Bxf6 Qxf6 13. 0-0 d6 14. Ne1 Qg6 15. Nd3 Bxg2 16. Kxg2 Qe4+ 17. f3 Qc6 18. Nb2 Nd7 19. e4 e5 20. Qd3 a4 21. Nd1 a3 22. Ne3 Ra4 23. Rab1 Re8 24. Rfd1 g6 25. h4 h5 26. Rb4 Rxb4 27. cxb4 Qa4 28. Rb1 c6 29. d5 c5 30. b5 Ra8 31. Rb3 Nf6 32. Nc2 Qa7 33. Rxa3 Qb7 34. Rxa8+ Qxa8 35. Qa3 Qb8 36. Qa6 Ne8 37. Ne3 Kg7 38. Nd1 Nc7 39. Qa3 Ne8 40. Qb3 f5 41. exf5 gxf5 42. Qc2 Qc8 43. Ne3 Kf6 44. g4 hxg4 45. fxg4 fxg4 46. Qh7 Ng7 47. Qh6+ Kf7 48. Qxd6 Qa8 49. h5 Qxa2+ 50. Kg3 Qb3 51. Qg6+ Kf8 52. Qf6+ Kg8 53. Qxe5 Nf5+ 54. Qxf5 Qxe3+ 55. Kxg4 Qe2+ 56. Qf3 Qxc4+ 57. Kf5 Qxb5 58. d6 Qd7+ 59. Ke5 Qe8+ 60. Kf5 Qf8+ 61. Kg4 Qxd6 62. Qb7 Qe6+ 63. Kg3 Qf6 64. Qa7 Qg7+ 65. Qxg7+ Kxg7 0-1